000 00271nam a2200121Ia 4500
008 190216s9999||||xx |||||||||||||| ||und||
100 _aAbdulla Hussain
245 0 _aHindi-Norov
260 _bRilayams Book Stall
_c2008
300 _a112
650 _aHindi
942 _cBK
999 _c16536
_d16536